Statistics for UEFA Champions League 2019-20

Click here to take the quiz!

General Stats

  • This quiz has been taken 117 times
  • The average score is 25 of 32

Answer Stats

HintAnswer% Correct
AReal Madrid
99%
FBarcelona
96%
BBayern
96%
ELiverpool
96%
APSG
96%
HChelsea
94%
CManchester City
94%
DJuventus
93%
GOlympique Lyonnais
93%
BTottenham
92%
DAtlético de Madrid
91%
FBorussia Dortmund
91%
HAjax
90%
ENapoli
90%
FInternazionale
87%
GLeipzig
82%
HValencia
82%
CAtalanta
79%
GBenfica
75%
CShakhtar Donetsk
72%
AClub Brugge
71%
BCrvena Zvezda
71%
GZenit
71%
AGalatasaray
66%
HLille
66%
DBayer Leverkusen
65%
ESalzburg
62%
BOlympiakos
57%
ERacing Genk
54%
CDinamo Zagreb
53%
FSlavia Praha
48%
DLokomotiv Moscow
42%

Score Distribution

Percentile by Number Answered

Percent of People with Each Score

Your Score History

You have not taken this quiz